000 00617nam a2200169 i 4500
001 92507
003 ES-MaACL
005 20230906181004.0
007 t|
008 050310s1943 sp ||||1| spa d
100 1 _aLinés Escardó, Enrique.
_972434
245 1 0 _aAplicaciones de la teoría de redes regulares al estudio de las funciones cuasiperiódicas... /
_cEnrique Linés Escardó.
260 _aMadrid :
_bConsejo Superior de Investigaciones Científicas. Instituto Jorge Juan,
_c1943.
300 _a77 p. :
_bil. ;
_c24 cm.
710 2 _aInstituto "Jorge Juan"
_95107
852 _aES-MaACL
_j1848-F-3
_bR.20665
999 _c92507
_d92507